| 000 | 02924nam a22002537a 4500 | ||
|---|---|---|---|
| 003 | UA-OsUOA | ||
| 005 | 20210618145543.0 | ||
| 008 | 210617b un ||||| m||| 00| 0 ukr d | ||
| 040 |
_aUA-OsUOA _bukr _cUA-OsUOA _dUA-OsUOA |
||
| 041 | _aukr | ||
| 080 | _a159.953.5–057.87 | ||
| 090 | _a159.953.5–057.87 | ||
| 095 |
_a19.00.07 _bпедагогічна та вікова психологія |
||
| 100 | _aДучимінська Т. І. | ||
| 245 |
_aПсихологічні особливості подолання особистісної безпорадності в навчальній діяльності студентів _cДучимінська Тамара Іванівна ; наук. керівник Малімон Людмила Яківна |
||
| 260 |
_aОстрог _c2013 |
||
| 300 | _a19 с. | ||
| 502 |
_6Автореферат дисертації на здобуття наукового ступеня кандидата психологічних наук
_cНаціональний університет "Острозька академія" _d2013 |
||
| 520 | _aДисертаційна робота присвячена аналізу психологічних особливостей подолання особистісної безпорадності в навчальній діяльності студентів. У дисертації проаналізовано теоретико-методологічні засади вивчення завченої й особистісної безпорадності; описано її структуру у сукупності когнітивного, мотиваційного й емоційного компонентів, показано зв’язок безпорадності з провідною діяльністю індивіда. Охарактеризовано симптомокомплекс стійких особистісних властивостей особистісної безпорадності студентів, виявлено її факторну структуру. Описано прояви особистісної безпорадності студентів у навчальній діяльності, встановлено взаємозв’язок безпорадності з показниками мотивації та успішності їх навчально-професійної діяльності. Розроблено комплексну програму подолання особистісної безпорадності студентів, доведено її ефективність за кількісними і якісними показниками. | ||
| 650 |
_2UDC _a159.9 Психологія |
||
| 942 |
_2udc _cAR |
||
| 955 | _a1 | ||
| 999 |
_c570822 _d570822 |
||